Представление документа в формате MARC21

Поле Инд. ПП Название Значение
Тип записи a
Библиографический уровень m
001 _ Контрольный номер RU\infra-m\znanium\bibl\1758035
005 _ Дата корректировки 20250915104053.4
008 Кодируемые данные 210617s2021 RU g rus u
020 a ISBN 978-5-16-015531-9
020 a ISBN 978-5-16-107971-3
040 a Служба первич. каталог. Общество с ограниченной ответственностью «ЗНАНИУМ»
041 a Код языка текста rus
044 a Код страны публикации RU
080 a Индекс УДК 339.9(075.8)
084 2 Источник индекса rubbk
a Индекс другой классификации/Индекс ББК 65.5я73
084 2 Источник индекса okso
a Индекс другой классификации/Индекс ББК 38.03.01
100 1_ a Автор Бабурина Ольга Николаевна
q Полное имя Ольга Николаевна
245 a Заглавие Мировая экономика и международные экономические отношения
b Продолж. заглавия Учебник
c Ответственность Государственный морской университет им. адмирала Ф.Ф. Ушакова
250 a Основные сведения об издании 1
260 a Место издания Москва
b Издательство ООО "Научно-издательский центр ИНФРА-М"
c Дата издания 2022
300 a Объем 275 с.
520 a Аннотация Изложены основные положения теории мировой экономики и международных экономических отношений. Обосновано укрепление целостности мировой экономики. Приведены наиболее важные показатели с позиций системного анализа. Раскрыты понятия, концепции и динамика развития ключевых форм международных экономических отношений. Проанализировано построение платежного баланса различных стран.
521 a Примеч. о целев. назн. ВО - Бакалавриат
650 a Основная рубрика Экономика. Бухгалтерский учет. Финансы
x Основная подрубрика Международные экономические отношения
852 x Примечание, не предназначенное для пользователя znanium2022
856 4_ a Имя сервера/домена znanium.com
m Помощь ebs_support@infra-m.ru
n Местонахождение сервера НИЦ ИНФРА-М
u URL http://znanium.com/catalog/document?id=379302
z Примечание для пользователя Участвует в КО
856 41 a Имя сервера/домена znanium.com
d Путь /cover/1758
f Электронное имя 1758035.jpg
q Тип электронного формата image/jpeg
u URL https://znanium.com/cover/1758/1758035.jpg